Statistics for Jamaica Culture & Slangs

Click here to take the quiz!

General Stats

  • This quiz has been taken 22 times
  • The average score is 7 of 17

Answer Stats

HintAnswer% Correct
Capital of JamaicaKingston
81%
Capital of KingstonKingston
81%
what year did Jamaica gain independence1962
57%
How many heroes Jamaica have ?7
57%
Jamaica's Area code ?876
57%
National dishAckee and saltfish
52%
how many parishes are in Jamaica15
48%
Prime ministerHonorable Andrew Holness
43%
Jamaica Electric Utility CompanyJamaica Public Service
43%
first prime ministerSir Alexander Bustamante
33%
Jamaica's popular airport ?Sangsters International
29%
Jamaica's popular tourist attractionDunn's river falls
19%
Grammy nominated youngster/ singerKoffee
19%
Singer in the UnrulyPopcaan
19%
Singer of "Ghetto Story"Baby Cham
14%
A popular dancer/singer in jamaicaDing Dong
10%
Yo soon fawudI will be right back
5%

Score Distribution

Percentile by Number Answered

Percent of People with Each Score

Your Score History

You have not taken this quiz